[Event "GEO-ch 1st League 2021"]
[Site "Tbilisi"]
[Date "2021.03.31"]
[Round "3.2"]
[White "Lortkipanidze, Nodar"]
[Black "Azaladze, Shota"]
[Result "1/2-1/2"]
[WhiteElo "2416"]
[BlackElo "2439"]
[Annotator "NA"]
[PlyCount "179"]
[EventDate "2021.03.29"]
[EventType "swiss"]
[EventCountry "GEO"]
[SourceTitle "playchess.com"]
[Source "ChessBase"]
[SourceQuality "1"]
[TimeControl "5400+30"]

1. e4 {[%emt 0:00:00]} c5 {[%emt 0:00:00]} 2. c3 {[%emt 0:00:00]} Nf6 {[%emt 0:00:15]} 3. e5 {[%emt 0:00:01]} Nd5 {[%emt 0:00:03]} 4. Nf3 {[%emt 0:00:05]} Nc6 {[%emt 0:00:15]} 5. d4 {[%emt 0:00:06]} cxd4 {[%emt 0:00:19]} 6. cxd4 {[%emt 0:00:06]} d6 {[%emt 0:00:06]} 7. Bc4 {[%emt 0:00:10]} Nb6 {[%emt 0:00:15]} 8. Bb5 {[%emt 0:00:05]} Bd7 {[%emt 0:06:08]} 9. Nc3 {[%emt 0:01:37]} dxe5 {[%emt 0:03:10]} 10. dxe5 {[%emt 0:01:15]} g6 {[%emt 0:00:22]} 11. a4 {[%emt 0:04:57]} a6 {[%emt 0:15:27]} 12. Be2 {[%emt 0:00:05]} Bg4 {[%emt 0:03:21]} 13. Be3 {[%emt 0:02:19]} Qxd1+ {[%emt 0:02:40]} 14. Rxd1 {[%emt 0:00:05]} Nd7 {[%emt 0:00:07]} 15. h3 {[%emt 0:00:44]} Bxf3 {[%emt 0:14:48]} 16. e6 {[%emt 0:00:25]} fxe6 {[%emt 0:00:11]} 17. Bxf3 {[%emt 0:00:08]} Nde5 {[%emt 0:01:13]} 18. Be2 {[%emt 0:06:40]} Bg7 {[%emt 0:01:47]} 19. O-O {[%emt 0:03:12]} Rd8 {[%emt 0:01:54]} 20. Ne4 {[%emt 0:03:31]} Nf7 {[%emt 0:09:08]} 21. Nc5 {[%emt 0:01:43]} Rxd1 $1 {[%emt 0:01:53]} 22. Rxd1 {[%emt 0:00:03]} Nd6 {[%emt 0:00:15]} 23. Bf3 {[%emt 0:04:37]} Kf7 {[%emt 0:02:32]} 24. b3 {[%emt 0:07:59] Remove Defender} (24. Nxb7 $5 Nxb7 25. Bxc6 $11) 24... Rc8 {[%emt 0:01:23]} 25. g4 {[%emt 0:12:36]} Rc7 {[%emt 0:07:23]} 26. Kg2 {[%emt 0:01:36]} Nb4 {[%emt 0:01:35]} 27. Ne4 {[%emt 0:05:10]} Nxe4 {[%emt 0:00:19]} 28. Bxe4 {[%emt 0:00:04]} Nd5 {[%emt 0:00:18]} 29. Bxd5 {[%emt 0:00:22]} exd5 {[%emt 0:00:02]} 30. Rxd5 {[%emt 0:00:06]} Rc3 {[%emt 0:01:42]} 31. b4 {[%emt 0:00:16]} Ke6 {[%emt 0:06:56]} 32. Rd8 $11 {[%emt 0:02:17]} Rc4 {[%emt 0:00:23]} 33. b5 {[%emt 0:04:21]} Rxa4 {[%emt 0:00:30]} 34. Rb8 {[%emt 0:00:05]} axb5 {[%emt 0:01:52]} 35. Rxb7 {[%emt 0:00:04]} b4 {[%emt 0:03:21]} 36. Bc5 {[%emt 0:00:18]} Bc3 {[%emt 0:00:02]} 37. Rxe7+ {[%emt 0:00:31]} Kd5 {[%emt 0:00:04]} 38. Bxb4 {[%emt 0:00:04]} Rxb4 {[%emt 0:00:09]} 39. Rxh7 {[%emt 0:00:05]} Ke6 {[%emt 0:00:26]} 40. Rc7 {[%emt 0:00:25]} Be5 {[%emt 0:00:32]} 41. Rc2 {[%emt 0:00:09]} Bd6 {[%emt 0:01:52]} 42. Re2+ {[%emt 0:01:51]} Kf7 {[%emt 0:00:06]} 43. Rd2 {[%emt 0:00:11]} Be7 {[%emt 0:00:29]} 44. Re2 {[%emt 0:00:30]} Bh4 {[%emt 0:00:07]} 45. Rc2 {[%emt 0:00:22]} Kf6 {[%emt 0:04:34]} 46. Re2 {[%emt 0:01:12]} Rf4 {[%emt 0:01:06]} 47. Kg1 {[%emt 0:00:30]} Kg5 {[%emt 0:00:27]} 48. Re5+ {[%emt 0:00:08]} Kh6 {[%emt 0:00:10]} 49. Re2 {[%emt 0:00:03]} Rf7 {[%emt 0:00:35]} 50. Kg2 {[%emt 0:00:16]} Kg5 {[%emt 0:01:43]} 51. Ra2 {[%emt 0:00:21]} Kf4 {[%emt 0:00:44]} 52. Ra6 {[%emt 0:00:39]} g5 {[%emt 0:06:14]} 53. Ra4+ {[%emt 0:03:22]} Ke5 {[%emt 0:00:05]} 54. Ra5+ {[%emt 0:00:03]} Kd6 {[%emt 0:01:40]} 55. Ra2 {[%emt 0:00:24]} Rf4 {[%emt 0:00:26]} 56. Rb2 {[%emt 0:00:21]} Kd5 {[%emt 0:00:07]} 57. Ra2 {[%emt 0:00:06]} Rf8 {[%emt 0:00:44]} 58. Rb2 {[%emt 0:00:06]} Kc4 {[%emt 0:00:07]} 59. Ra2 {[%emt 0:00:04]} Kb3 {[%emt 0:00:59]} 60. Re2 {[%emt 0:00:06]} Kc3 {[%emt 0:00:09]} 61. Ra2 {[%emt 0:00:05]} Re8 {[%emt 0:01:51]} 62. Kf3 {[%emt 0:01:22]} Re1 {[%emt 0:00:24]} 63. Kg2 {[%emt 0:00:14]} Rd1 {[%emt 0:01:13]} 64. Re2 {[%emt 0:03:28]} Rd4 {[%emt 0:00:23]} 65. Ra2 {[%emt 0:00:17]} Kb3 {[%emt 0:00:52]} 66. Re2 {[%emt 0:00:07]} Rd7 {[%emt 0:00:11]} 67. Kf3 {[%emt 0:01:05]} Ra7 {[%emt 0:00:39]} 68. Kg2 {[%emt 0:00:17]} Kc3 {[%emt 0:00:02]} 69. Kf1 {[%emt 0:01:38]} Kd3 {[%emt 0:00:48]} 70. Rb2 {[%emt 0:00:05]} Ra1+ {[%emt 0:00:37]} 71. Kg2 {[%emt 0:00:04]} Re1 {[%emt 0:00:04]} 72. Kf3 {[%emt 0:00:13]} Re8 {[%emt 0:00:20]} 73. Ra2 {[%emt 0:00:04]} Rf8+ {[%emt 0:02:35]} 74. Kg2 {[%emt 0:00:05]} Rf7 {[%emt 0:00:33]} 75. Rb2 {[%emt 0:00:06]} Re7 {[%emt 0:00:06]} 76. Kf3 {[%emt 0:00:04]} Ra7 {[%emt 0:00:03]} 77. Kg2 {[%emt 0:00:04]} Kc3 {[%emt 0:00:56]} 78. Re2 {[%emt 0:00:07]} Kd3 {[%emt 0:00:54]} 79. Rb2 {[%emt 0:00:03]} Ra3 {[%emt 0:00:17]} 80. Kf1 {[%emt 0:00:11]} Ra1+ {[%emt 0:00:56]} 81. Kg2 {[%emt 0:00:06]} Re1 {[%emt 0:00:10]} 82. Kf3 {[%emt 0:00:03]} Rd1 {[%emt 0:00:37]} 83. Kg2 {[%emt 0:00:40]} Rd2 {[%emt 0:00:24]} 84. Rxd2+ {[%emt 0:00:06]} Kxd2 {[%emt 0:00:02]} 85. f4 {[%emt 0:00:06]} gxf4 {[%emt 0:00:05]} 86. Kf3 {[%emt 0:00:03]} Bg5 {[%emt 0:00:04]} 87. h4 {[%emt 0:00:03]} Bxh4 {[%emt 0:00:03]} 88. Kxf4 {[%emt 0:00:03]} Kd3 {[%emt 0:00:03]} 89. g5 {[%emt 0:00:03]} Bxg5+ {[%emt 0:00:02]} 90. Kxg5 {[%emt 0:00:02]} 1/2-1/2

[Event "GEO-ch 1st League 2021"]
[Site "Tbilisi"]
[Date "2021.03.31"]
[Round "3.3"]
[White "Arabidze, Meri"]
[Black "Akhvlediani, Irakli"]
[Result "0-1"]
[WhiteElo "2437"]
[BlackElo "2355"]
[Annotator "TA"]
[PlyCount "60"]
[EventDate "2021.03.29"]
[EventType "swiss"]
[EventCountry "GEO"]
[SourceTitle "playchess.com"]
[Source "ChessBase"]
[SourceQuality "1"]

{[%evp 19,60,37,52,23,29,37,21,16,18,0,72,67,59,-41,-34,-28,-25,-33,0,0,0,0,0,-4,0,0,0,0,7,0,0,0,0,-138,-154,-150,-118,-1422,-1410,-29980,-29981,-29998,-29999]} 1. d4 Nf6 2. c4 g6 3. Nc3 Bg7 4. e4 d6 5. Nf3 O-O 6. Be2 e5 7. O-O Nc6 8. d5 Ne7 9. Bg5 Nd7 10. Nd2 f5 11. exf5 {E97: King's Indian: Classical Main Line (6...e5 7 0-0 Nc6): 8 Be3 and 8 d5 Ne7, not 9 Ne1.} gxf5 12. f4 {[#]} exf4 $146 ({Predecessor:} 12... Nf6 13. Bh5 e4 14. Nb3 c5 15. dxc6 bxc6 16. Kh1 d5 17. Be2 Kh8 18. Bh4 Ng6 {½-½ (40) Gelfand,B (2590)-Grivas,E (2445) Haifa 1989}) 13. Nf3 {The position is equal.} Nf6 14. Nd4 Ne4 (14... Ng6 $11) 15. Nxe4 $16 (15. Bxf4 Ng6 $11) 15... fxe4 16. Ne6 ({Better is} 16. Bh5 $14) 16... Bxe6 $15 17. dxe6 f3 (17... Bxb2 $6 18. Bh5 $16) 18. gxf3 Qe8 19. Kh1 (19. fxe4 $2 Qg6 $19) 19... h6 $1 {[%cal Rh6g5]} 20. Bxe7 Qxe7 21. Qd5 Rf4 22. c5 Raf8 23. cxd6 cxd6 24. fxe4 Rf2 25. Rxf2 Rxf2 26. Bf1 (26. Bc4 $11 {keeps the balance.}) 26... Be5 $17 {[%mdl 1024] Black has strong compensation.} (26... Rxb2 27. e5 $15) 27. Bg2 Kh7 $40 {[%mdl 128] aiming for ...Qh4! White is in trouble.} ({Weaker is} 27... Bxb2 28. Rb1 $11) ({Resist} 27... Rxb2 28. Rc1 $15) 28. Rg1 $2 {[%mdl 8192] [#]} ({Don't blunder} 28. Rf1 $2 Qh4 $19) (28. Qd1 $17) 28... h5 $1 $19 29. h3 Qh4 30. Qd1 {[#]} Qxh3+ $1 {[%mdl 512] Weighted Error Value: White=0.68/Black=0.11} 0-1

[Event "GEO-ch 1st League 2021"]
[Site "Tbilisi"]
[Date "2021.03.31"]
[Round "3.4"]
[White "Morchiashvili, Bachana"]
[Black "Bagaturov, Giorgi"]
[Result "1-0"]
[WhiteElo "2313"]
[BlackElo "2431"]
[Annotator "NA"]
[PlyCount "91"]
[EventDate "2021.03.29"]
[EventType "swiss"]
[EventCountry "GEO"]
[SourceTitle "playchess.com"]
[Source "ChessBase"]
[SourceQuality "1"]
[TimeControl "5400+30"]

1. d4 {[%emt 0:00:00]} e6 {[%emt 0:02:42]} 2. Nf3 {[%emt 0:01:37]} Nf6 {[%emt 0:01:00]} 3. c4 {[%emt 0:00:12]} b6 {[%emt 0:00:21]} 4. g3 {[%emt 0:00:16]} Ba6 {[%emt 0:06:37]} 5. Qc2 {[%emt 0:00:35]} Bb4+ {[%emt 0:02:19]} 6. Bd2 {[%emt 0:00:30]} Be7 {[%emt 0:01:30]} 7. Bg2 {[%emt 0:07:01]} O-O {[%emt 0:03:12] 7...c6 gains popularity.} 8. O-O {[%emt 0:01:40]} d5 {[%emt 0:02:27]} 9. Ne5 {[%emt 0:02:28]} c6 {[%emt 0:02:38]} 10. Rd1 {[%emt 0:31:24]} Nfd7 {[%emt 0:07:05]} 11. cxd5 {[%emt 0:02:06]} cxd5 {[%emt 0:18:50] [#]} 12. Be1 $146 {[%emt 0:05:09]} ({Predecessor:} 12. e4 Nxe5 13. exd5 Be2 14. dxe5 Bxd1 15. Qxd1 exd5 16. Nc3 Nc6 17. Nxd5 Nxe5 18. Bc3 {½-½ (41) Tomashevsky,E (2710)-Alekseev,E (2662) Saratov 2011}) 12... Nxe5 {[%emt 0:01:29]} 13. dxe5 {[%emt 0:00:03]} Nd7 {[%emt 0:00:31]} 14. e4 {[%emt 0:00:58]} Rc8 {[%emt 0:04:39]} 15. Nc3 {[%emt 0:00:39]} d4 {[%emt 0:06:03]} 16. Rxd4 {[%emt 0:03:28]} Qc7 {[%emt 0:00:05]} 17. Rad1 {[%emt 0:07:13]} Nxe5 {[%emt 0:03:08] [#]} (17... Rfd8 $11) 18. Qa4 $1 {[%emt 0:01:24]} Qb7 {[%emt 0:10:06] [#]} (18... Bc4 $16 {keeps fighting.}) 19. Rd7 $18 {[%emt 0:02:51]} Nxd7 {[%emt 0:09:58]} 20. Rxd7 {[%emt 0:00:09]} Rc7 {[%emt 0:00:52]} 21. Rxc7 {[%emt 0:00:34]} Qxc7 {[%emt 0:00:06]} 22. Qxa6 {[%emt 0:00:02]} Rd8 {[%emt 0:00:13]} 23. Bf3 {[%emt 0:01:57]} h6 {[%emt 0:00:34]} 24. Kg2 {[%emt 0:00:30]} Rd7 {[%emt 0:00:36]} 25. h4 {[%emt 0:05:22]} Bf6 {[%emt 0:00:50]} 26. Qa4 {[%emt 0:02:58]} Be5 {[%emt 0:01:40]} 27. h5 {[%emt 0:01:02]} Qc8 {[%emt 0:00:44]} 28. Qb5 {[%emt 0:00:41]} Qc7 {[%emt 0:03:05]} 29. Be2 {[%emt 0:02:29]} Bd4 {[%emt 0:01:16]} 30. Qc4 {[%emt 0:01:21]} Qd8 {[%emt 0:00:33]} 31. Qa4 {[%emt 0:00:44]} Bf6 {[%emt 0:00:50]} 32. Bb5 {[%emt 0:02:48]} Rd4 {[%emt 0:01:03]} 33. Qc2 {[%emt 0:04:31]} Qc8 {[%emt 0:01:17]} 34. Be2 {[%emt 0:00:29]} Qc5 {[%emt 0:01:49]} 35. f4 {[%emt 0:02:44]} Rd8 {[%emt 0:00:22]} 36. e5 {[%emt 0:00:11]} Be7 {[%emt 0:00:02]} 37. Qe4 {[%emt 0:01:01]} Qc8 {[%emt 0:05:35]} 38. Bd3 {[%emt 0:02:50]} Bc5 {[%emt 0:00:04]} 39. Qh7+ {[%emt 0:02:49]} Kf8 {[%emt 0:00:06]} 40. Be4 {[%emt 0:01:04]} Qd7 {[%emt 0:01:33]} 41. b4 {[%emt 0:00:09]} Be3 {[%emt 0:01:06]} 42. Qh8+ {[%emt 0:01:47]} Ke7 {[%emt 0:00:05]} 43. Qxg7 {[%emt 0:00:02]} Bd2 {[%emt 0:00:59]} 44. f5 {[%emt 0:00:17]} Rc8 {[%emt 0:00:27]} 45. Qf6+ {[%emt 0:00:50]} Ke8 {[%emt 0:00:14]} 46. Qh8+ {[%emt 0:00:03]} 1-0

[Event "GEO-ch 1st League 2021"]
[Site "Tbilisi"]
[Date "2021.03.31"]
[Round "3.5"]
[White "Lomsadze, Davit"]
[Black "Chkhaidze, Nikoloz"]
[Result "1/2-1/2"]
[WhiteElo "2303"]
[BlackElo "2307"]
[Annotator "TA"]
[PlyCount "42"]
[EventDate "2021.03.29"]
[EventType "swiss"]
[EventCountry "GEO"]
[SourceTitle "playchess.com"]
[Source "ChessBase"]
[SourceQuality "1"]

{[%evp 23,42,0,0,-18,-22,-22,-16,-18,-17,-18,-16,-18,-18,-25,-18,-27,0,-26,0,-36,0]} 1. d4 d5 2. Nf3 Nf6 3. g3 Bf5 4. Bg2 c6 5. O-O e6 6. Nbd2 h6 7. b3 a5 8. a3 Be7 9. Bb2 Nbd7 10. c4 O-O 11. Re1 Ne4 12. Nxe4 Bxe4 13. Nd2 {A12: English Opening: 1...c6 with b3 by White.} Bxg2 14. Kxg2 a4 {[#]} 15. e4 $146 {The position is equal.} ({Predecessor:} 15. b4 b5 16. c5 Re8 17. f3 f5 18. e4 dxe4 19. fxe4 fxe4 20. Qg4 Bg5 21. Nxe4 {0-1 (46) Caille,H (2053)-Ollier,P (2362) Avoine 2016}) 15... dxe4 16. Nxe4 axb3 17. Qxb3 Qb6 18. Qc3 Qa5 19. Qb3 Qb6 20. Qc3 Qa5 21. Qb3 Qb6 {An uneventful encounter.  Weighted Error Value: White=0.05/Black=0.07} 1/2-1/2

[Event "GEO-ch 1st League 2021"]
[Site "Tbilisi"]
[Date "2021.03.31"]
[Round "3.6"]
[White "Siprashvili, Ivane"]
[Black "Petriashvili, Nikoloz"]
[Result "0-1"]
[WhiteElo "2075"]
[BlackElo "2425"]
[Annotator "NA"]
[PlyCount "108"]
[EventDate "2021.03.29"]
[EventType "swiss"]
[EventCountry "GEO"]
[SourceTitle "playchess.com"]
[Source "ChessBase"]
[SourceQuality "1"]
[TimeControl "5400+30"]

1. d4 {[%emt 0:00:00]} Nf6 {[%emt 0:00:48]} 2. Nf3 {[%emt 0:00:14]} g6 {[%emt 0:00:05]} 3. Nc3 {[%emt 0:00:51]} d5 {[%emt 0:00:11]} 4. Bg5 {[%emt 0:00:15]} Bg7 {[%emt 0:00:32]} 5. Bxf6 {[%emt 0:00:25]} Bxf6 {[%emt 0:00:19]} 6. e4 {[%emt 0:00:08]} c6 {[%emt 0:02:35]} 7. h3 {[%emt 0:03:08]} O-O {[%emt 0:00:14]} 8. e5 {[%emt 0:00:26]} Bg7 {[%emt 0:00:03]} 9. Qd2 {[%emt 0:02:23]} f6 {[%emt 0:01:11]} 10. exf6 {[%emt 0:00:32]} exf6 {[%emt 0:01:02]} 11. Be2 {[%emt 0:00:14]} Qd6 {[%emt 0:01:09]} 12. O-O {[%emt 0:00:58]} Be6 {[%emt 0:00:37]} 13. Rfe1 {[%emt 0:00:24]} Nd7 {[%emt 0:00:05]} 14. Bd3 {[%emt 0:01:40]} Bf7 {[%emt 0:01:54]} 15. Ne2 {[%emt 0:01:17]} a5 {[%emt 0:07:32]} 16. a4 {[%emt 0:00:48]} Nb6 {[%emt 0:02:36]} 17. c3 {[%emt 0:00:37]} Rfe8 {[%emt 0:04:43]} 18. Qc2 {[%emt 0:02:39]} Bh6 {[%emt 0:05:16]} 19. Ng3 {[%emt 0:09:14]} Red8 {[%emt 0:00:48]} 20. h4 {[%emt 0:00:53]} Nd7 {[%emt 0:16:32]} 21. h5 {[%emt 0:00:46]} f5 {[%emt 0:01:31]} 22. hxg6 {[%emt 0:04:09]} hxg6 {[%emt 0:00:04]} 23. Bxf5 {[%emt 0:10:49]} gxf5 {[%emt 0:00:08]} 24. Nxf5 {[%emt 0:00:07]} Qf6 $1 {[%emt 0:10:18]} 25. Ne5 {[%emt 0:07:56]} (25. Nxh6+ $11 Qxh6 26. Qf5) 25... Nxe5 {[%emt 0:00:42]} 26. dxe5 {[%emt 0:00:18]} Qe6 {[%emt 0:00:12]} 27. Nd4 {[%emt 0:00:53]} (27. Rad1 $17 Bg5 28. Nd4) 27... Qg4 {[%emt 0:06:15]} 28. f3 {[%emt 0:03:36]} Qh5 {[%emt 0:01:51]} 29. e6 {[%emt 0:03:13]} (29. g4 $142 Qg5 30. Qf2) 29... Bg6 {[%emt 0:00:25]} 30. Qf2 {[%emt 0:00:35]} Bf4 {[%emt 0:05:21]} 31. g3 {[%emt 0:01:03]} Bd6 {[%emt 0:00:30]} 32. Kg2 {[%emt 0:00:40]} Rf8 {[%emt 0:00:19]} 33. Re2 {[%emt 0:05:31]} Qg5 {[%emt 0:02:34]} 34. e7 {[%emt 0:00:53] [#]} Rf6 $17 {[%emt 0:02:15]} ({Much less strong is} 34... Bxe7 35. Ne6 $17) (34... Rfe8 $1 $19 35. f4 Qf6) 35. Ne6 {[%emt 0:00:40]} Qf5 {[%emt 0:00:45]} 36. g4 {[%emt 0:00:48]} Qxe6 {[%emt 0:04:46]} 37. Rxe6 {[%emt 0:00:10]} Rxe6 {[%emt 0:00:02]} 38. Re1 {[%emt 0:00:25]} Rxe1 {[%emt 0:01:03]} 39. Qxe1 {[%emt 0:00:02]} Kf7 {[%emt 0:00:04]} 40. Qe3 {[%emt 0:01:08]} Re8 {[%emt 0:00:46]} 41. Kf2 {[%emt 0:03:51]} Rxe7 {[%emt 0:00:22]} 42. Qd4 {[%emt 0:00:26]} Be5 {[%emt 0:01:45]} 43. Qd2 {[%emt 0:00:42]} Kg7 {[%emt 0:00:59]} 44. Kg2 {[%emt 0:00:51]} Rf7 {[%emt 0:00:32]} 45. Qe3 {[%emt 0:00:46]} Bf4 {[%emt 0:00:09]} 46. Qb6 {[%emt 0:00:28]} Re7 {[%emt 0:01:18]} 47. Qd4+ {[%emt 0:00:19]} Be5 {[%emt 0:00:04]} 48. Qd2 {[%emt 0:00:19]} Bc7 {[%emt 0:01:54]} 49. Kh3 {[%emt 0:01:47]} Kg8 {[%emt 0:01:57]} 50. Qg5 {[%emt 0:02:39]} Kf7 {[%emt 0:01:28]} 51. Qd2 {[%emt 0:00:38]} Re8 {[%emt 0:00:24]} 52. f4 {[%emt 0:01:45]} Be4 {[%emt 0:00:22]} 53. Kg3 {[%emt 0:00:32]} Ke7 {[%emt 0:00:11]} 54. Kf2 {[%emt 0:02:09]} Bxf4 {[%emt 0:00:08]} 0-1

[Event "GEO-ch 1st League 2021"]
[Site "Tbilisi"]
[Date "2021.03.31"]
[Round "3.7"]
[White "Tsereteli, Tornike"]
[Black "Volkov, Nika"]
[Result "0-1"]
[WhiteElo "1765"]
[BlackElo "2084"]
[Annotator "TA"]
[PlyCount "68"]
[EventDate "2021.03.29"]
[EventType "swiss"]
[EventCountry "GEO"]
[SourceTitle "playchess.com"]
[Source "ChessBase"]
[SourceQuality "1"]

{[%evp 19,68,4,17,0,0,-18,-25,-33,-18,-33,-21,-91,-82,-94,-80,-189,-205,-376,-225,-327,-293,-537,-531,-497,-322,-347,-347,-347,-347,-347,-346,-346,-346,-417,-406,-407,-416,-421,-400,-421,-315,-445,-421,-413,-402,-1039,-991,-896,-883,-5135,-5635]} 1. e4 c5 2. c3 d5 3. exd5 Qxd5 4. d4 g6 5. Nf3 Bg7 6. Be3 cxd4 7. cxd4 Nf6 8. Nc3 Qd8 9. Be2 O-O 10. O-O Nc6 11. a3 {B06: Modern Defence.} Nd5 {[#]} 12. Qb3 $146 ({Predecessor:} 12. Rc1 Nxe3 13. fxe3 Bh6 14. Kf2 Bg4 15. h3 Bxf3 16. Bxf3 e6 17. Bxc6 bxc6 18. Qf3 Rb8 {1-0 (39) Maggiolo,E (2130)-Porras Rodriguez,M (2030) San Felipe 1998}) 12... Nxe3 13. fxe3 {Black has an edge.} b6 14. Bb5 Bb7 15. Ng5 (15. Qc4 $11 Rc8 16. Qe2) 15... Na5 $17 16. Qa2 {[%cal Rf1f7]} e6 17. Nxf7 Rxf7 $19 18. b4 $2 {[#]} (18. Qxe6 Qe7 19. Qxf7+ Qxf7 20. Rxf7 Kxf7 21. Kf2) 18... Rc8 $1 19. Qxe6 {[#]} (19. Rxf7 $142 Kxf7 20. Rc1) 19... Qe7 $1 20. Qa2 (20. Qxf7+ Qxf7 21. Rxf7 Kxf7 22. Ne2) 20... Rxc3 21. bxa5 Kf8 22. Rxf7+ Qxf7 23. Rf1 {[%csl Gf1][%cal Ra2f7]} Bf6 24. Qd2 Rc7 25. axb6 axb6 26. Qd3 Qe6 27. d5 Qd6 ({Not} 27... Bxd5 28. e4 $11) 28. e4 Kg7 29. a4 Rf7 30. Rc1 (30. Kh1 {was necessary.}) 30... Be5 31. g3 h5 32. Bc6 (32. Kg2 $142) 32... Bc8 {Black is clearly winning.} 33. Be8 Rc7 34. Rf1 Bh3 {White did not feel at home in the position after the opening.  Weighted Error Value: White=0.84/Black=0.19} 0-1

[Event "GEO-ch 1st League 2021"]
[Site "Tbilisi"]
[Date "2021.03.31"]
[Round "3.8"]
[White "Donghvani, Nia"]
[Black "Tsotsonava, Elene"]
[Result "0-1"]
[WhiteElo "1985"]
[BlackElo "1805"]
[Annotator "NA"]
[PlyCount "50"]
[EventDate "2021.03.29"]
[EventType "swiss"]
[EventCountry "GEO"]
[SourceTitle "playchess.com"]
[Source "ChessBase"]
[SourceQuality "1"]
[TimeControl "5400+30"]

1. e4 {[%emt 0:00:07]} c5 {[%emt 0:00:00]} 2. Nf3 {[%emt 0:00:05]} Nc6 {[%emt 0:00:00]} 3. d4 {[%emt 0:00:07]} cxd4 {[%emt 0:00:00]} 4. Nxd4 {[%emt 0:00:04]} Nf6 {[%emt 0:00:04]} 5. Nc3 {[%emt 0:00:08]} e5 {[%emt 0:00:08]} 6. Ndb5 {[%emt 0:00:03]} d6 {[%emt 0:00:08]} 7. Nd5 {[%emt 0:00:07]} Nxd5 {[%emt 0:00:20]} 8. exd5 {[%emt 0:00:02]} Ne7 {[%emt 0:00:08]} 9. c4 {[%emt 0:03:23]} Ng6 {[%emt 0:00:29]} 10. Be2 {[%emt 0:14:52]} Be7 {[%emt 0:02:26] 10...Be7 is better than 10...a6.} 11. O-O {[%emt 0:09:25]} a6 {[%emt 0:01:37]} 12. Nc3 {[%emt 0:03:35]} O-O {[%emt 0:00:15]} 13. Be3 {[%emt 0:10:38]} f5 {[%emt 0:07:47]} 14. Na4 {[%emt 0:08:23]} f4 {[%emt 0:09:27]} 15. Bb6 {[%emt 0:00:02]} Qe8 $1 {[%emt 0:00:13]} 16. Nc3 {[%emt 0:06:05]} Nh4 {[%emt 0:14:09] [#]} 17. f3 $146 {[%emt 0:06:33]} ({Predecessor:} 17. Bh5 g6 18. Bg4 f3 19. Bxf3 Rxf3 20. gxf3 Qd7 21. Kh1 Qh3 22. Rg1 Nxf3 23. Rg2 {0-1 (30) Lorincz,O (2104)-Vanczak,A (2230) Hungary 2003}) 17... Qg6 {[%emt 0:03:42]} 18. Rf2 {[%emt 0:00:04]} Bf5 {[%emt 0:00:28]} 19. b4 {[%emt 0:07:49] [#]} (19. Bf1 $11) 19... e4 $1 {[%emt 0:17:02]} 20. Nxe4 {[%emt 0:06:58]} Bxe4 {[%emt 0:00:51]} 21. fxe4 {[%emt 0:00:06]} f3 {[%emt 0:00:34]} 22. Bxf3 $2 {[%emt 0:04:47]} (22. Bf1 $17 fxg2 23. Rxg2 Nxg2 24. Bxg2) 22... Rxf3 $19 {[%emt 0:01:16] Pin} 23. Qf1 {[%emt 0:05:31]} Raf8 {[%emt 0:08:16]} 24. Rxf3 {[%emt 0:02:15]} Nxf3+ {[%emt 0:00:05]} 25. Kh1 {[%emt 0:00:03]} Nxh2 {[%emt 0:01:43]} 0-1

[Event "GEO-ch 1st League 2021"]
[Site "Tbilisi"]
[Date "2021.03.31"]
[Round "3.9"]
[White "Tskipurishvili, Daviti"]
[Black "Lomaia, Diana"]
[Result "1/2-1/2"]
[WhiteElo "1807"]
[BlackElo "1946"]
[Annotator "NA"]
[PlyCount "81"]
[EventDate "2021.03.29"]
[EventType "swiss"]
[EventCountry "GEO"]
[SourceTitle "playchess.com"]
[Source "ChessBase"]
[SourceQuality "1"]
[TimeControl "5400+30"]

1. d4 {[%emt 0:00:49]} d5 {[%emt 0:00:00]} 2. Nf3 {[%emt 0:00:05]} Nf6 {[%emt 0:00:00]} 3. c4 {[%emt 0:00:05]} dxc4 {[%emt 0:00:18]} 4. Nc3 {[%emt 0:00:35]} a6 {[%emt 0:00:55]} 5. a4 {[%emt 0:00:35]} Nc6 {[%emt 0:01:13]} 6. e3 {[%emt 0:03:35]} Na5 {[%emt 0:01:53]} 7. Ne5 {[%emt 0:02:42]} Be6 {[%emt 0:08:30]} 8. Be2 {[%emt 0:10:34]} g6 {[%emt 0:02:30]} 9. h4 {[%emt 0:10:53]} h5 {[%emt 0:04:23]} 10. e4 {[%emt 0:05:03]} c6 {[%emt 0:12:51]} 11. Be3 {[%emt 0:02:20]} Bg7 {[%emt 0:01:35]} 12. Qc2 {[%emt 0:00:58]} Ng4 {[%emt 0:03:39]} 13. Nxg4 {[%emt 0:04:49]} hxg4 {[%emt 0:01:16]} 14. Rd1 {[%emt 0:00:45]} Qc7 {[%emt 0:11:28]} 15. d5 {[%emt 0:06:36]} cxd5 {[%emt 0:01:16]} 16. Nxd5 {[%emt 0:00:23]} Bxd5 {[%emt 0:00:30]} 17. Rxd5 {[%emt 0:00:15]} Rh5 {[%emt 0:04:09]} 18. b4 {[%emt 0:10:02]} Rxd5 {[%emt 0:10:59]} 19. exd5 {[%emt 0:00:08]} Nb3 {[%emt 0:00:16]} 20. Qxc4 {[%emt 0:01:23]} (20. h5 $5 {[%cal Rh5g6]} Nd4 21. Bxd4 Bxd4 22. hxg6 $14) 20... Qxc4 {[%emt 0:04:15]} 21. Bxc4 {[%emt 0:00:02]} Nd4 {[%emt 0:00:31]} 22. Bxd4 {[%emt 0:00:34]} Bxd4 {[%emt 0:00:04]} 23. Ke2 {[%emt 0:00:16]} Rc8 {[%emt 0:01:13]} 24. Rc1 {[%emt 0:00:58]} Kd8 {[%emt 0:00:30]} 25. Rc2 $11 {[%emt 0:00:38]} b5 {[%emt 0:08:38]} 26. axb5 {[%emt 0:01:09]} axb5 {[%emt 0:00:27]} 27. Kd3 {[%emt 0:03:15]} Bxf2 {[%emt 0:00:29]} 28. Rxf2 {[%emt 0:01:41]} Rxc4 {[%emt 0:04:13]} 29. Rxf7 {[%emt 0:00:18]} Rxb4 {[%emt 0:06:14]} 30. Rg7 {[%emt 0:00:11]} Rb2 {[%emt 0:01:27]} 31. Rxg6 {[%emt 0:00:34]} Rxg2 {[%emt 0:00:07]} 32. h5 {[%emt 0:00:18]} Rh2 {[%emt 0:04:48]} 33. h6 {[%emt 0:00:16]} g3 {[%emt 0:02:07]} 34. Kd4 {[%emt 0:00:21]} g2 {[%emt 0:02:35]} 35. Kc5 {[%emt 0:00:43]} Rxh6 {[%emt 0:00:07]} 36. Rxg2 {[%emt 0:00:04]} Kd7 {[%emt 0:00:57]} 37. Rb2 {[%emt 0:00:34]} Rh1 {[%emt 0:00:38]} 38. Rxb5 {[%emt 0:00:16]} Rc1+ {[%emt 0:00:02]} 39. Kd4 {[%emt 0:00:05]} Rd1+ {[%emt 0:00:07]} 40. Kc4 {[%emt 0:00:14]} Rc1+ {[%emt 0:00:18]} 41. Kd4 {[%emt 0:00:05]} 1/2-1/2